Zlatý pták /

Uložené v:
Podrobná bibliografia
Hlavný autor: Miller, Armin (Author)
Ďalší autori: Matějíčková, Helena (Translator)
Médium: Kniha
Jazyk:Czech
German
Vydané: Praha : Dilia, 1977.
Fyzický popis: 60 strán.
Tagy: Pridať tag
Žiadne tagy, Buďte prvý kto otaguje tento záznam!

MARC

LEADER 00000nam a22000002i 4500
001 000738708
005 20251020135630.0
008 251020s1977 xr g 000 0 cze d
020 |c Kčs 10,00  |q (brožované) 
040 |a SVKKK  |b slo  |c SVKKK  |e rda 
041 1 |a cze  |h ger 
044 |a xr  |c CZ 
100 1 |a Miller, Armin  |4 aut 
240 1 4 |a Der goldene Vogel.  |l Česky 
245 1 0 |a Zlatý pták /  |c Armin Miller ; z německého originálu Der goldene Vogel přeložila Helena Matějíčková. 
264 1 |a Praha :  |b Dilia,  |c 1977. 
300 |a 60 strán. 
336 |a text  |b txt  |2 rdacontent 
337 |a bez média  |b n  |2 rdamedia 
338 |a zväzok  |b nc  |2 rdacarrier 
500 |a Záznam revízie 
700 1 |a Matějíčková, Helena  |4 trl 
910 |a svkkk 
998 |a BK 
090 |g SCKHL  |k Sklad Pribinova 3. posch.  |a V.112034  |j 567016  |i 2721195901  |s Absenčne